একটি জাতির জন্ম : (Record no. 2650)

MARC details
000 -LEADER
fixed length control field 01246nam a2200241 a 4500
003 - CONTROL NUMBER IDENTIFIER
control field BD-DhJNU
005 - DATE AND TIME OF LATEST TRANSACTION
control field 20260330044930.0
008 - FIXED-LENGTH DATA ELEMENTS--GENERAL INFORMATION
fixed length control field 251108s2002 bg |||g |||| 000 1|ben|d
020 ## - INTERNATIONAL STANDARD BOOK NUMBER
International Standard Book Number 9789845063135
040 ## - CATALOGING SOURCE
Original cataloging agency BD-DhJNU
Language of cataloging ben
Transcribing agency BD-DhJNU
Modifying agency BD-DhJNU
041 ## - LANGUAGE CODE
Language code of text/sound track or separate title ben
082 ## - DEWEY DECIMAL CLASSIFICATION NUMBER
Classification number 954.92051 EKT
Edition number 23
245 10 - TITLE STATEMENT
Title একটি জাতির জন্ম :
Remainder of title যৌন সহিংসতা ও দায়মুক্তি /
Statement of responsibility, etc. হামিদা হোসাইন এবং আমেনা মহসিন কর্তৃক সম্পাদিত
246 ## - VARYING FORM OF TITLE
Title proper/short title Ekti Jatio'r Jonom : joiyon sohingshota o daimutti
250 ## - EDITION STATEMENT
Edition statement 1st ed.
260 ## - PUBLICATION, DISTRIBUTION, ETC.
Place of publication, distribution, etc. ঢাকা :
Name of publisher, distributor, etc. দি ইউনিভার্সিটি প্রেস লিমিটেড(ইউ পি এল),
Date of publication, distribution, etc. 2018.
300 ## - PHYSICAL DESCRIPTION
Extent ৪১১ পৃ. :
Other physical details চিত্র ;
Dimensions ২২ সেমি.।
504 ## - BIBLIOGRAPHY, ETC. NOTE
Bibliography, etc. note গ্রন্থপঞ্জিগত নির্দেশিকা ও নিঘন্ট অন্তভূক্ত
650 ## - SUBJECT ADDED ENTRY--TOPICAL TERM
Topical term or geographic name entry element বাংলাদেশ—ইতিহাস
650 ## - SUBJECT ADDED ENTRY--TOPICAL TERM
Topical term or geographic name entry element Bangladesh—History
700 a# - ADDED ENTRY--PERSONAL NAME
Personal name হোসেন, সেলিনা
Relator term বাংলা সংস্করণের সম্পাদক
942 ## - ADDED ENTRY ELEMENTS (KOHA)
Koha item type Books
Holdings
Withdrawn status Lost status Source of classification or shelving scheme Damaged status Not for loan Collection Home library Current library Shelving location Date acquired Source of acquisition Total checkouts Full call number Barcode Date last seen Copy number Price effective from Koha item type
    Dewey Decimal Classification     Non-fiction Jagannath University Central Library Jagannath University Central Library General stacks 03/30/2026 Purchased   954.92051 EKT JNUCL32022 03/30/2026 1 03/30/2026 Books